Reading Ruth in Asia / (Record no. 52391)
[ view plain ]
| 000 -LEADER | |
|---|---|
| fixed length control field | 02313cam a22004097i 4500 |
| 001 - CONTROL NUMBER | |
| control field | 930115905 |
| 003 - CONTROL NUMBER IDENTIFIER | |
| control field | OCoLC |
| 005 - DATE AND TIME OF LATEST TRANSACTION | |
| control field | 20240408153036.0 |
| 008 - FIXED-LENGTH DATA ELEMENTS--GENERAL INFORMATION | |
| fixed length control field | 150929t20152015gau b 001 0 eng d |
| 010 ## - LIBRARY OF CONGRESS CONTROL NUMBER | |
| LC control number | 2015953315 |
| 020 ## - INTERNATIONAL STANDARD BOOK NUMBER | |
| International Standard Book Number | 0884141012 |
| 020 ## - INTERNATIONAL STANDARD BOOK NUMBER | |
| International Standard Book Number | 9780884141013 |
| 020 ## - INTERNATIONAL STANDARD BOOK NUMBER | |
| International Standard Book Number | 9781628371291 |
| 020 ## - INTERNATIONAL STANDARD BOOK NUMBER | |
| International Standard Book Number | 1628371293 |
| 020 ## - INTERNATIONAL STANDARD BOOK NUMBER | |
| International Standard Book Number | 9780884141006 |
| 035 ## - SYSTEM CONTROL NUMBER | |
| System control number | (OCoLC)930115905 |
| Canceled/invalid control number | (OCoLC)914395708 |
| -- | (OCoLC)936729138 |
| 040 ## - CATALOGING SOURCE | |
| Original cataloging agency | IME |
| Language of cataloging | eng |
| Description conventions | rda |
| Transcribing agency | DLC |
| Modifying agency | IME |
| -- | YDXCP |
| -- | BTCTA |
| -- | BHA |
| -- | EMT |
| -- | OCLCF |
| -- | UAB |
| -- | GHS |
| -- | FQG |
| -- | ZCU |
| -- | CNTCS |
| -- | OCL |
| -- | OCLCQ |
| -- | VTS |
| -- | UtOrBLW |
| 042 ## - AUTHENTICATION CODE | |
| Authentication code | lccopycat |
| 043 ## - GEOGRAPHIC AREA CODE | |
| Geographic area code | a------ |
| 049 ## - LOCAL HOLDINGS (OCLC) | |
| Holding library | VTSS |
| 245 00 - TITLE STATEMENT | |
| Title | Reading Ruth in Asia / |
| Statement of responsibility, etc | edited by Jione Havea and Peter H.W. Lau. |
| 260 ## - PUBLICATION, DISTRIBUTION, ETC. (IMPRINT) | |
| Place of publication, distribution, etc | Atlanta : |
| Name of publisher, distributor, etc | SBL Press, |
| Date of publication, distribution, etc | c2015. |
| 300 ## - PHYSICAL DESCRIPTION | |
| Extent | ix, 148 pages ; |
| Dimensions | 24 cm. |
| 336 ## - CONTENT TYPE | |
| Content Type Term | text |
| Content Type Code | txt |
| Source | rdacontent. |
| 337 ## - MEDIA TYPE | |
| Media Type Term | unmediated |
| Media Type Code | n |
| Source | rdamedia. |
| 338 ## - CARRIER TYPE | |
| Carrier Type Term | volume |
| Carrier Type Code | nc |
| Source | rdacarrier. |
| 490 1# - SERIES STATEMENT | |
| Series statement | International voices in biblical studies ; |
| Volume number/sequential designation | Number 7. |
| 504 ## - BIBLIOGRAPHY, ETC. NOTE | |
| Bibliography, etc | Includes bibliographical references (pages 125-137) and indexes. |
| 505 0# - FORMATTED CONTENTS NOTE | |
| Formatted contents note | Reading Ruth again, in Asia / Jione Havea and Peter H.W. Lau -- Another postcolonial reading of the book of Ruth / Peter H.W. Lau -- The key to successful migration? Rereading Ruth's confession (1:16-17) through the lens of Bhabha's mimicry / Sin-lung Tong -- "Who is more to you than seven sons": a cross-textual reading between the book of Ruth and A pair of peacocks to the southeast fly / Yan Lin -- A reinterpretation of Levirate marriage in Ruth 4:1-12 for Kachin society / Roi Nu -- An intertextual reading of Ruth and Proverbs 31:10-31, with a Chinese woman's perspective / Elaine W.F. Goh -- Patriarchy, a threat to human bonding: reading the story of Ruth in the light of marriage and family structures in India / Surekha Nelavala -- The Boaz solution: reading Ruth in light of Australian asylum seekers discourse / Anthony Rees -- Stirring Naomi: another gleaning at the edges of Ruth 1 / Jione Havea. |
| 590 ## - LOCAL NOTE (RLIN) | |
| Local note | LCclassBS. |
| 630 00 - SUBJECT ADDED ENTRY--UNIFORM TITLE | |
| Uniform title | Bible. |
| Name of part/section of a work | Ruth |
| General subdivision | Criticism, interpretation, etc. |
| 630 00 - SUBJECT ADDED ENTRY--UNIFORM TITLE | |
| Uniform title | Bible |
| General subdivision | Criticism, interpretation, etc. |
| Geographic subdivision | Asia. |
| 700 1# - ADDED ENTRY--PERSONAL NAME | |
| Personal name | Havea, Jione, |
| Dates associated with a name | 1965- |
| Relator term | editor. |
| 700 1# - ADDED ENTRY--PERSONAL NAME | |
| Personal name | Lau, Peter H. W., |
| Relator term | editor. |
| 830 #0 - SERIES ADDED ENTRY--UNIFORM TITLE | |
| Uniform title | International voices in biblical studies ; |
| Volume number/sequential designation | no. 7. |
| 942 ## - ADDED ENTRY ELEMENTS (KOHA) | |
| Source of classification or shelving scheme | Library of Congress Classification |
| Item type | Books |
| Withdrawn status | Lost status | Source of classification or shelving scheme | Damaged status | Not for loan | Home library | Current library | Shelving location | Date acquired | Source of acquisition | Inventory number | Total Checkouts | Full call number | Barcode | Date last seen | Price effective from | Koha item type |
|---|---|---|---|---|---|---|---|---|---|---|---|---|---|---|---|---|
| Library of Congress Classification | BSOP Library | BSOP Library | GC | 04/08/2024 | Theological Book Network | 48191 | BS1315.2 R22 2015 | 00058327 | 04/08/2024 | 04/08/2024 | Books |
